[Event "VI. Karnevals-Open"]
[Site "Solingen"]
[Date "2015.02.15"]
[Round "4.3"]
[White "Seger, Rüdiger"]
[Black "Paulus, Jeffrey"]
[Result "1/2-1/2"]
[WhiteElo "2377"]
[BlackElo "1931"]
[PlyCount "110"]
[EventDate "2015.??.??"]
[WhiteTeam "SG Trier"]
[BlackTeam "SG Porz"]

1. e4 d6 2. d4 Nf6 3. Nc3 g6 4. Nf3 Bg7 5. Be2 O-O 6. O-O c6 7. Re1 Qc7 8. d5
Nbd7 9. h3 Nc5 10. Bf1 Nfd7 11. Nd4 a5 12. a4 e5 13. dxe6 Nxe6 14. Be3 Rd8 15.
Qd2 Ndf8 16. Rad1 Nxd4 17. Bxd4 Ne6 18. Bxg7 Nxg7 19. Re3 Be6 20. Rd3 Ne8 21.
b3 Rd7 22. g3 Rad8 23. Bg2 f5 24. Re1 Ng7 25. Rde3 Rf7 26. exf5 Bxf5 27. Ne4
Bxe4 28. Rxe4 d5 29. R4e2 Qb6 30. Qe3 Qxe3 31. Rxe3 Nf5 32. Rd3 Re7 33. Rxe7
Nxe7 34. h4 Kf7 35. Bh3 c5 36. Kf1 d4 37. Rf3+ Kg7 38. Be6 Rf8 39. Rxf8 Kxf8
40. Ke2 Nc6 41. Bd5 Nd8 42. Kd3 Ke7 43. Kc4 Kd6 44. Bg8 h6 45. Kb5 Nc6 46. Kb6
Nb4 47. Bh7 Nxc2 48. Bxg6 Nb4 49. g4 d3 50. g5 hxg5 51. hxg5 Nd5+ 52. Kxb7 Nf4
53. Bxd3 Nxd3 54. Kb6 Nxf2 55. g6 Ne4 1/2-1/2

[Event "VI. Karnevals-Open"]
[Site "Solingen"]
[Date "2015.02.15"]
[Round "4.4"]
[White "Heldt, Maximilian"]
[Black "Heinert, Eugen"]
[Result "0-1"]
[WhiteElo "1993"]
[BlackElo "2154"]
[PlyCount "100"]
[EventDate "2015.??.??"]
[WhiteTeam "SF Katernberg"]
[BlackTeam "OSC Rheinhausen"]

1. e4 e6 2. d4 d5 3. exd5 exd5 4. Nf3 Bd6 5. c4 Nf6 6. Nc3 O-O 7. cxd5 h6 8.
Be2 Nbd7 9. O-O Nb6 10. Qb3 Nbxd5 11. Ne5 c6 12. Bc4 Bc7 13. Be3 Bb6 14. a4 Be6
15. a5 Bxa5 16. Qxb7 Qb6 17. Ba6 Nxe3 18. fxe3 Bxc3 19. bxc3 c5 20. Rfb1 Qd6
21. Bc4 Rfb8 22. Qf3 Bxc4 23. Nxc4 Rxb1+ 24. Rxb1 Qd5 25. dxc5 Rc8 26. Qxd5
Nxd5 27. Rb5 Nxc3 28. Ra5 Ne4 29. Rxa7 Rxc5 30. Ra4 Kh7 31. h3 h5 32. Nb2 Rc1+
33. Kh2 f5 34. Nd3 Rc3 35. Nf4 h4 36. Nd5 Rd3 37. Rd4 Ra3 38. Ne7 g6 39. Nd5
Kh6 40. Nf4 Rxe3 41. Ra4 g5 42. Ra6+ Kg7 43. Nd5 Re1 44. Re6 Ra1 45. Re7+ Kf8
46. g4 hxg3+ 47. Kg2 Ra2+ 48. Kg1 Nf2 49. Rh7 f4 50. Rh6 f3 0-1

[Event "VI. Karnevals-Open"]
[Site "Solingen"]
[Date "2015.02.15"]
[Round "4.5"]
[White "Herzum, Peter"]
[Black "Kolthoff, Siegmund"]
[Result "1/2-1/2"]
[WhiteElo "1998"]
[BlackElo "2091"]
[PlyCount "47"]
[EventDate "2015.??.??"]
[WhiteTeam "Düsseldorfer SK"]
[BlackTeam "BW Buchholz"]

1. e4 e6 2. d4 d5 3. Nc3 Nf6 4. Bg5 Bb4 5. e5 h6 6. Bd2 Bxc3 7. bxc3 Ne4 8. Qg4
Kf8 9. Nf3 c5 10. Bd3 Nxd2 11. Kxd2 c4 12. Be2 Nc6 13. h4 Bd7 14. h5 b5 15. Qf4
Qe7 16. a3 Ke8 17. g4 Kd8 18. g5 hxg5 19. Nxg5 Kc7 20. Rag1 Raf8 21. Nf3 Rh7
22. Ng5 Rhh8 23. Nf3 Rh7 24. Ng5 1/2-1/2

[Event "VI. Karnevals-Open"]
[Site "Solingen"]
[Date "2015.02.15"]
[Round "4.6"]
[White "Zolfagharian, Kevin"]
[Black "Rosenauer, Horst"]
[Result "1-0"]
[WhiteElo "2182"]
[BlackElo "1963"]
[PlyCount "51"]
[EventDate "2015.??.??"]
[WhiteTeam "SG Solingen"]
[BlackTeam "Bergische SF"]

1. e4 e5 2. Nf3 Nc6 3. Bc4 Nf6 4. Ng5 d5 5. exd5 Na5 6. Bb5+ c6 7. dxc6 bxc6 8.
Bd3 h6 9. Ne4 Nd5 10. O-O Nf4 11. Nbc3 Nxd3 12. cxd3 Be7 13. a3 O-O 14. b4 Nb7
15. Re1 f5 16. Ng3 Bd6 17. Bb2 g6 18. Qf3 Bd7 19. Rac1 Rc8 20. Nd1 Re8 21. Ba1
Kh7 22. Ne3 f4 23. Nc4 Qh4 24. Ne4 Bb8 25. g3 Bg4 26. Qxg4 1-0

[Event "VI. Karnevals-Open"]
[Site "Solingen"]
[Date "2015.02.15"]
[Round "4.7"]
[White "Ljuboschiz, Dr. Alexander"]
[Black "Pauls, Wilhelm"]
[Result "0-1"]
[WhiteElo "2127"]
[BlackElo "1956"]
[PlyCount "134"]
[EventDate "2015.??.??"]
[WhiteTeam "SV Würselen"]
[BlackTeam "SG Kaarst"]

1. e4 e5 2. Nf3 Nc6 3. Bc4 Bc5 4. c3 Qe7 5. d4 Bb6 6. O-O d6 7. h3 Nf6 8. Re1
h6 9. a4 a6 10. Qd3 O-O 11. Nbd2 exd4 12. cxd4 Nb4 13. Qb3 d5 14. Bxd5 Nbxd5
15. exd5 Qd8 16. d6 cxd6 17. Nc4 Ba7 18. Bf4 Be6 19. Qd3 Bd5 20. Nxd6 Bb8 21.
Qa3 Bxf3 22. gxf3 Qd7 23. Be5 Qxh3 24. f4 Qxa3 25. Rxa3 Bxd6 26. Bxd6 Rfe8 27.
Re5 Ne4 28. Bb4 f6 29. Rxe8+ Rxe8 30. d5 Rd8 31. Rd3 f5 32. f3 Nf6 33. d6 Rd7
34. Kf2 Kf7 35. Ke3 Ke6 36. Ba3 Ne8 37. Kd4 Kf6 38. Re3 Nxd6 39. Kc5 Nc8 40. a5
Rc7+ 41. Kd5 Rd7+ 42. Kc4 h5 43. b3 g6 44. Kc5 Kf7 45. Kc4 Rd1 46. Re2 Ra1 47.
Bb4 Rc1+ 48. Kd5 Rd1+ 49. Ke5 Rf1 50. Kd4 Rxf3 51. Ke5 Rxb3 52. Bc5 Rb5 53. Kd5
Rxa5 54. Kc4 Ra4+ 55. Kd5 Rxf4 56. Rb2 b5 57. Ra2 Ra4 58. Re2 h4 59. Re3 g5 60.
Re5 Rf4 61. Kc6 h3 62. Kc7 h2 63. Re1 Rc4 64. Kxc8 Rxc5+ 65. Kd7 Rd5+ 66. Kc6
Rd2 67. Kb6 g4 0-1

[Event "VI. Karnevals-Open"]
[Site "Solingen"]
[Date "2015.02.15"]
[Round "4.8"]
[White "Görke, Joachim"]
[Black "Große-Hering, Peter"]
[Result "0-1"]
[WhiteElo "2124"]
[BlackElo "1944"]
[PlyCount "64"]
[EventDate "2015.??.??"]
[WhiteTeam "SG Solingen"]
[BlackTeam "SV Horst-Emscher"]

1. d4 Nf6 2. c4 g6 3. Nc3 Bg7 4. e4 d6 5. f3 O-O 6. Be3 Nc6 7. Qd2 a6 8. Bd3 e5
9. d5 Nd4 10. Nce2 Nd7 11. h4 h5 12. O-O-O c5 13. g4 Nf6 14. Bg5 b5 15. gxh5
bxc4 16. Bxc4 Rb8 17. Nxd4 exd4 18. hxg6 Rb4 19. b3 Qa5 20. Bxf6 Bxf6 21. gxf7+
Rxf7 22. Nh3 Rxc4+ 23. bxc4 Qa3+ 24. Qb2 Qe3+ 25. Qd2 Qa3+ 26. Qb2 Qe3+ 27. Rd2
Rb7 28. Qc2 Qa3+ 29. Kd1 Qxf3+ 30. Kc1 Qxh1+ 31. Rd1 Qxh3 32. Rg1+ Kf7 0-1

[Event "VI. Karnevals-Open"]
[Site "Solingen"]
[Date "2015.02.15"]
[Round "4.9"]
[White "Siemes, Robert"]
[Black "Chittka, Julius"]
[Result "1/2-1/2"]
[WhiteElo "2080"]
[BlackElo "1928"]
[PlyCount "28"]
[EventDate "2015.??.??"]
[WhiteTeam "Ratinger SK"]
[BlackTeam "SF Düsseldorf-Süd"]

1. e4 c5 2. Nf3 Nc6 3. d4 cxd4 4. Nxd4 g6 5. Nc3 Bg7 6. Be3 Nf6 7. Bc4 O-O 8.
Bb3 a5 9. O-O a4 10. Nxa4 Nxe4 11. Nb5 Ra6 12. Qe2 d5 13. Rad1 e6 14. c3 Be5
1/2-1/2

[Event "VI. Karnevals-Open"]
[Site "Solingen"]
[Date "2015.02.15"]
[Round "4.10"]
[White "Kuehn, Patrick"]
[Black "Bub, Volker"]
[Result "1/2-1/2"]
[WhiteElo "1763"]
[BlackElo "2079"]
[PlyCount "107"]
[EventDate "2015.??.??"]
[WhiteTeam "SG Hochneukirch"]
[BlackTeam "SC Tornado Hochneukirch"]

1. e4 d5 2. exd5 Qxd5 3. Nf3 Bg4 4. Be2 Nc6 5. d4 O-O-O 6. Be3 Nf6 7. O-O e5 8.
c4 Qa5 9. d5 Bxf3 10. Bxf3 Bc5 11. Bd2 Bb4 12. Nc3 Nd4 13. a3 Bxc3 14. Bxc3 Qc5
15. Be2 Rhe8 16. b4 Nxe2+ 17. Qxe2 Qd6 18. Rfd1 e4 19. Rab1 Qa6 20. a4 e3 21.
Bxf6 Qxf6 22. fxe3 Re4 23. Rd3 Rxc4 24. e4 Re8 25. Re3 Qb6 26. Kf1 Rxb4 27.
Rxb4 Qxb4 28. Qg4+ Kb8 29. Qd7 Qe7 30. Qxe7 Rxe7 31. e5 Kc8 32. Ke2 a5 33. Kd3
Kd7 34. Kd4 b6 35. Rb3 Re8 36. Rf3 Re7 37. Rb3 Re8 38. Rg3 g6 39. Rf3 Re7 40.
Rf6 h5 41. h4 Ke8 42. d6 cxd6 43. Rxd6 Rc7 44. Rxb6 Rc2 45. Rb5 Rxg2 46. Rxa5
Rg4+ 47. Kd5 Rxh4 48. Ra8+ Ke7 49. Ra7+ Kf8 50. Ra8+ Kg7 51. Ra7 Kf8 52. Ra8+
Kg7 53. Ra7 Kf8 54. Ra8+ 1/2-1/2

[Event "VI. Karnevals-Open"]
[Site "Solingen"]
[Date "2015.02.15"]
[Round "4.11"]
[White "Lindam, Ingo"]
[Black "Suvorov, Alexander"]
[Result "1/2-1/2"]
[WhiteElo "2064"]
[BlackElo "1823"]
[PlyCount "35"]
[EventDate "2015.??.??"]
[WhiteTeam "Kölner SK Dr. Lasker"]
[BlackTeam "SG Porz"]

1. d4 d5 2. Nf3 Nf6 3. Bf4 c5 4. e3 Nc6 5. Nbd2 Bg4 6. Be2 e6 7. c3 Bd6 8. Bxd6
Qxd6 9. h3 Bh5 10. O-O O-O 11. Rc1 Rac8 12. Re1 a6 13. Qb3 c4 14. Qd1 b5 15. a3
a5 16. Bf1 Ne4 17. Nxe4 dxe4 18. g4 1/2-1/2

[Event "VI. Karnevals-Open"]
[Site "Solingen"]
[Date "2015.02.15"]
[Round "4.13"]
[White "Baltic, Fatih"]
[Black "Speck, Stefan"]
[Result "1/2-1/2"]
[WhiteElo "1860"]
[BlackElo "1984"]
[PlyCount "91"]
[EventDate "2015.??.??"]
[WhiteTeam "SG Porz"]
[BlackTeam "SC Solingen 28"]

1. e4 c6 2. d4 d5 3. exd5 cxd5 4. Bd3 Nc6 5. c3 Qc7 6. Na3 a6 7. Nc2 e5 8. dxe5
Qxe5+ 9. Qe2 Qxe2+ 10. Bxe2 Nf6 11. Be3 Ng4 12. Rd1 Be6 13. Bxg4 Bxg4 14. Ne2
Be7 15. f3 Bf5 16. Ncd4 Nxd4 17. Nxd4 Be6 18. O-O O-O 19. Rfe1 Bf6 20. Ne2 Rfe8
21. Kf2 h6 22. g3 Rac8 23. Bd4 Bxd4+ 24. Nxd4 Bd7 25. Rd2 Rxe1 26. Kxe1 Re8+
27. Re2 Kf8 28. Kd2 Rxe2+ 29. Nxe2 Ke7 30. Ke3 Kd6 31. Kd4 Be6 32. Nf4 g5 33.
Nd3 h5 34. h4 f6 35. f4 gxh4 36. gxh4 Bd7 37. Nb4 Be6 38. Nc2 Bd7 39. Ne3 Be6
40. f5 Bg8 41. Ng2 Bf7 42. Nf4 Kc6 43. b3 Kd6 44. a3 Kc6 45. Nd3 Bg8 46. Nf4
1/2-1/2

[Event "VI. Karnevals-Open"]
[Site "Solingen"]
[Date "2015.02.15"]
[Round "4.14"]
[White "Flesch, Dr. Stefan"]
[Black "Peters, Jens"]
[Result "1-0"]
[WhiteElo "2121"]
[BlackElo "1781"]
[PlyCount "52"]
[EventDate "2015.??.??"]
[WhiteTeam "Düsseldorfer SK"]
[BlackTeam "SK Xanten"]

1. d4 Nf6 2. c4 e6 3. Nc3 Bb4 4. Bd2 Nc6 5. e3 Qe7 6. Bd3 d6 7. a3 Bxc3 8. Bxc3
a5 9. Ne2 O-O 10. O-O e5 11. Ng3 d5 12. dxe5 Nxe5 13. cxd5 Rd8 14. e4 c6 15. f4
Nxd3 16. Qxd3 cxd5 17. e5 Ne8 18. Bd4 b5 19. Qf3 f6 20. Rfe1 Qf7 21. Bb6 fxe5
22. Bxd8 Bb7 23. Bb6 d4 24. Ne4 Ra6 25. Bc5 Rg6 26. f5 Rxg2+ 1-0

[Event "VI. Karnevals-Open"]
[Site "Solingen"]
[Date "2015.02.15"]
[Round "4.15"]
[White "Nguyen, Gia Huy Philipp"]
[Black "Nixdorf, Andre"]
[Result "1-0"]
[WhiteElo "1832"]
[BlackElo "1998"]
[PlyCount "79"]
[EventDate "2015.??.??"]
[WhiteTeam "SG Solingen"]
[BlackTeam "SK Norderstedt"]

1. e4 c5 2. Nf3 d6 3. d4 cxd4 4. Nxd4 Nf6 5. Nc3 a6 6. Bg5 e6 7. f4 Be7 8. Qe2
Qc7 9. O-O-O Nbd7 10. g4 b5 11. Bg2 b4 12. e5 Bb7 13. exf6 gxf6 14. Nd5 exd5
15. Nf5 Ne5 16. fxe5 dxe5 17. Nxe7 Qxe7 18. Bh4 O-O-O 19. Rhf1 Rd6 20. Qf2 Rg8
21. Qf5+ Qe6 22. Qxe6+ fxe6 23. Bxf6 Rxg4 24. Bxe5 Rb6 25. Rf8+ Kd7 26. Bf3 Rg5
27. Bg3 Rg7 28. Bh5 Bc6 29. Rdf1 Bb5 30. R1f7+ Rxf7 31. Rxf7+ Kc8 32. Rc7+ Kd8
33. Rxh7 Rc6 34. Rh8+ Ke7 35. Rh7+ Kd8 36. Bh4+ Kc8 37. Be8 Rb6 38. Bxb5 Rxb5
39. Bf6 Rb6 40. Rg7 1-0

[Event "VI. Karnevals-Open"]
[Site "Solingen"]
[Date "2015.02.15"]
[Round "4.16"]
[White "Ramien, David"]
[Black "Lechner, Alexander"]
[Result "1/2-1/2"]
[WhiteElo "1987"]
[BlackElo "1691"]
[PlyCount "26"]
[EventDate "2015.??.??"]
[WhiteTeam "SG Porz"]
[BlackTeam "SG Porz"]

1. e4 c5 2. Nf3 Nc6 3. Nc3 g6 4. d4 cxd4 5. Nxd4 Bg7 6. Be3 d6 7. Be2 Nf6 8.
Qd2 Ng4 9. Bxg4 Bxg4 10. f4 Rc8 11. f5 gxf5 12. exf5 Qa5 13. Ncb5 Qxd2+ 1/2-1/2

[Event "VI. Karnevals-Open"]
[Site "Solingen"]
[Date "2015.02.15"]
[Round "4.17"]
[White "Timar-Geng, Dr. Zoltan"]
[Black "Pan, Yun"]
[Result "0-1"]
[WhiteElo "1939"]
[BlackElo "1646"]
[PlyCount "110"]
[EventDate "2015.??.??"]
[WhiteTeam "SC Eulenspiegel Regensb."]
[BlackTeam "Fideler Bauer Leverkusen"]

1. d4 Nf6 2. c4 g6 3. g3 Bg7 4. Bg2 O-O 5. Nf3 d6 6. O-O Nbd7 7. Nc3 e5 8. d5
a5 9. e4 Nc5 10. Qc2 Bd7 11. h3 Nh5 12. Qe2 f5 13. exf5 gxf5 14. Nh4 Nf6 15.
Bg5 h6 16. Bd2 f4 17. Rae1 Kh7 18. Qd1 Nd3 19. Re2 Nxb2 20. Qc2+ e4 21. Bxe4+
Nxe4 22. Nxe4 Kg8 23. Bxf4 Rxf4 24. gxf4 Qxh4 25. Ng3 Rf8 26. Rfe1 Rxf4 27. Re7
Rf7 28. Rxd7 Rxd7 29. Qg6 Rd8 30. Qxg7+ Kxg7 31. Nf5+ Kf6 32. Nxh4 Nxc4 33.
Re6+ Kf7 34. Rxh6 Rg8+ 35. Kf1 b5 36. Nf3 b4 37. Rh4 Nb6 38. Rd4 Rh8 39. Ke2
Rh5 40. Rf4+ Ke7 41. Nh4 Nxd5 42. Ng6+ Kd7 43. Rf3 Nc3+ 44. Kd2 Nxa2 45. Nf8+
Kc6 46. Ne6 a4 47. Nd4+ Kb6 48. Nf5 Nc3 49. Ne3 a3 50. Nc4+ Kb5 51. Nxa3+ Ka4
52. Nc4 Ne4+ 53. Kc2 Rc5 54. Kd3 Rxc4 55. Rf4 d5 0-1

[Event "VI. Karnevals-Open"]
[Site "Solingen"]
[Date "2015.02.15"]
[Round "4.18"]
[White "Meckel, Helmut"]
[Black "Kagan, Dennis"]
[Result "0-1"]
[WhiteElo "1793"]
[BlackElo "1926"]
[PlyCount "60"]
[EventDate "2015.??.??"]
[WhiteTeam "SG Solingen"]
[BlackTeam "SG Porz"]

1. b4 d5 2. Bb2 Bf5 3. e3 e6 4. c4 Nf6 5. b5 dxc4 6. Bxc4 Bd3 7. Qb3 Bxc4 8.
Qxc4 Be7 9. Nc3 c5 10. Nf3 Nbd7 11. a4 Qa5 12. O-O O-O 13. Rfc1 Nb6 14. Qe2 c4
15. Ne5 Rfd8 16. Nb1 Nxa4 17. Nc3 Nxc3 18. Qxc4 Ne2+ 19. Qxe2 Rxd2 20. Rxa5
Rxe2 21. Bd4 a6 22. Kf1 Rd2 23. Rc7 Bd8 24. b6 Bxc7 25. bxc7 Rc2 26. Bb6 Nd5
27. Nd7 Nxc7 28. Nc5 Nd5 29. Na4 Nxb6 30. Nxb6 Rd8 0-1

[Event "VI. Karnevals-Open"]
[Site "Solingen"]
[Date "2015.02.15"]
[Round "4.19"]
[White "Suvorov, Luca"]
[Black "Vishanji, Adrian"]
[Result "1-0"]
[WhiteElo "1757"]
[BlackElo "1908"]
[PlyCount "139"]
[EventDate "2015.??.??"]
[WhiteTeam "SG Porz"]
[BlackTeam "SV Turm Drolshagen"]

1. d4 Nf6 2. Nf3 e6 3. c4 b6 4. a3 Bb7 5. Nc3 d5 6. cxd5 exd5 7. Bg5 Be7 8. e3
O-O 9. Bd3 Re8 10. O-O Ne4 11. Bxe7 Qxe7 12. Rc1 c6 13. b4 a5 14. Qb3 axb4 15.
axb4 Nd7 16. Rfd1 b5 17. Bxe4 dxe4 18. Ne5 Nxe5 19. dxe5 Qxe5 20. Rd4 Rad8 21.
Rcd1 Rxd4 22. Rxd4 Qf6 23. h3 Qg6 24. Qd1 h6 25. Ne2 Qg5 26. Qc2 f5 27. Qa2+
Kh7 28. Nf4 Qf6 29. Rd7 Re7 30. Rd8 Qf7 31. Qd2 Re8 32. Rd6 Bc8 33. Rxc6 Be6
34. Qd6 Bc4 35. Rc7 Qf8 36. Qg6+ Kg8 37. Rxg7+ Qxg7 38. Qxe8+ Kh7 39. Nh5 Qf7
40. Qxf7+ Bxf7 41. Nf6+ Kg6 42. Nd7 Be8 43. Nc5 Kf6 44. f4 Ke7 45. g4 Bg6 46.
Kf2 Kd6 47. Ke2 Kd5 48. Nd7 h5 49. Ne5 hxg4 50. hxg4 Bh7 51. g5 Ke6 52. Kd2 Bg8
53. Kc3 Kd5 54. Nd7 Kd6 55. Nf6 Bf7 56. Kd4 Bg6 57. Nd5 Bf7 58. Nc3 Be8 59.
Nxe4+ fxe4 60. Kxe4 Ke6 61. f5+ Kd6 62. Kd4 Ke7 63. e4 Kf7 64. e5 Ke7 65. Kd5
Bd7 66. e6 Bc8 67. f6+ Kf8 68. g6 Bb7+ 69. Kd6 Be4 70. e7+ 1-0

[Event "VI. Karnevals-Open"]
[Site "Solingen"]
[Date "2015.02.15"]
[Round "4.20"]
[White "Breuer, Leon"]
[Black "Boschek, Dr. Hans-Joachim"]
[Result "0-1"]
[WhiteElo "1587"]
[BlackElo "1886"]
[PlyCount "80"]
[EventDate "2015.??.??"]
[WhiteTeam "SK Xanten"]
[BlackTeam "SG Solingen"]

1. e4 c5 2. c3 d5 3. e5 Bf5 4. d4 e6 5. Nf3 Nc6 6. Qb3 Qc7 7. Be2 cxd4 8. cxd4
Nxd4 9. Qa4+ Qc6 10. Qxd4 Qxc1+ 11. Bd1 Ne7 12. O-O Nc6 13. Ba4 Qc5 14. Nbd2
Rc8 15. Rac1 Qb6 16. Qxb6 axb6 17. Nd4 Bc5 18. Nxf5 exf5 19. Nf3 Ke7 20. Rfd1
Rhd8 21. Bb3 Na5 22. Bxd5 Rxd5 23. Rxd5 Bxf2+ 24. Kxf2 Rxc1 25. Rb5 Rc2+ 26.
Kg3 Nc4 27. Nd4 Rxb2 28. Rxb2 Nxb2 29. Nxf5+ Ke6 30. Kf4 Nd3+ 31. Ke4 Nc5+ 32.
Kf4 g6 33. Nd4+ Kd5 34. Nf3 h6 35. h4 Nd3+ 36. Ke3 Nxe5 37. Nxe5 Kxe5 38. a4
Kf5 39. Kf3 h5 40. g3 f6 0-1

[Event "VI. Karnevals-Open"]
[Site "Solingen"]
[Date "2015.02.15"]
[Round "4.21"]
[White "Kroo, Julian"]
[Black "Fränzel, Dr. Marius"]
[Result "0-1"]
[WhiteElo "1644"]
[BlackElo "1864"]
[PlyCount "38"]
[EventDate "2015.??.??"]
[WhiteTeam "SV Turm Drolshagen"]
[BlackTeam "SG Solingen"]

1. d4 d5 2. Nf3 Nf6 3. c4 c6 4. Nc3 dxc4 5. a4 Bf5 6. e3 e6 7. Bxc4 Bb4 8. O-O
Nbd7 9. Na2 Bd6 10. Re1 Ne4 11. Nd2 Bxh2+ 12. Kxh2 Qh4+ 13. Kg1 Qxf2+ 14. Kh2
Qg3+ 15. Kg1 Ng5 16. Kf1 Bg4 17. Re2 Qh2 18. Ke1 Qh4+ 19. Kf1 Qh1+ 0-1

[Event "VI. Karnevals-Open"]
[Site "Solingen"]
[Date "2015.02.15"]
[Round "4.22"]
[White "Bosbach, Jens"]
[Black "Krabbe, Thomas"]
[Result "1-0"]
[WhiteElo "2013"]
[BlackElo "1148"]
[PlyCount "83"]
[EventDate "2015.??.??"]
[WhiteTeam "Langenfelder SF"]
[BlackTeam "Düsseldorfer SK"]

1. d4 Nf6 2. Nf3 e6 3. e3 Nc6 4. Bd3 g6 5. c3 Bg7 6. e4 O-O 7. O-O a6 8. Bg5 d6
9. e5 dxe5 10. dxe5 Nxe5 11. Nxe5 Qd5 12. Bxf6 Bxf6 13. Nf3 b5 14. Qe2 Bb7 15.
Re1 Rab8 16. Be4 Qxe4 17. Qxe4 Bxe4 18. Rxe4 Rfd8 19. Nbd2 Rd5 20. h3 h5 21.
Nb3 c5 22. Rae1 Re8 23. R1e2 Red8 24. Ne5 Bxe5 25. Rxe5 Rxe5 26. Rxe5 c4 27.
Nd4 Rd6 28. a3 Kg7 29. Rc5 Rd5 30. Rxd5 exd5 31. f4 f5 32. Kf2 Kf6 33. h4 Ke7
34. Ke3 Kd6 35. Nf3 a5 36. Kd4 b4 37. axb4 axb4 38. Ne5 bxc3 39. bxc3 Ke6 40.
Nxg6 Kd6 41. Ne5 Ke6 42. Kc5 1-0

[Event "VI. Karnevals-Open"]
[Site "Solingen"]
[Date "2015.02.15"]
[Round "4.23"]
[White "Krüger, Till"]
[Black "Sewald, Kathrin"]
[Result "1-0"]
[WhiteElo "1973"]
[BlackElo "1542"]
[PlyCount "213"]
[EventDate "2015.??.??"]
[WhiteTeam "SC Nidderau"]
[BlackTeam "SG Porz"]

1. c4 e5 2. Nc3 f5 3. g3 Nf6 4. Bg2 c6 5. d4 e4 6. Bg5 h6 7. Bxf6 Qxf6 8. e3 b6
9. Nge2 Ba6 10. b3 g5 11. a3 g4 12. Nf4 d6 13. h4 h5 14. d5 Qxc3+ 15. Kf1 c5
16. Rc1 Qg7 17. Qc2 Bc8 18. Ke2 Qf7 19. Kd2 Bg7 20. Rhd1 Be5 21. Re1 Qf6 22.
Rb1 a5 23. Re2 Na6 24. Ke1 Bd7 25. Kf1 Kf7 26. Ree1 Kg7 27. Kg1 Kh6 28. a4 Nb4
29. Qe2 Rhe8 30. Bf1 Bxf4 31. exf4 Re7 32. Qd2 Rae8 33. Re3 Qd4 34. Rd1 Bc8 35.
Qc1 Qg7 36. Qd2 Bb7 37. Be2 Ra8 38. Re1 Bc8 39. Kh2 Bd7 40. Bf1 Be8 41. Kg2 Bf7
42. Be2 Rea7 43. Bf1 Rd7 44. Rd1 Qg8 45. Qc3 Qg6 46. Qd2 Qf6 47. Qc1 b5 48.
cxb5 Nxd5 49. Ree1 Nb6 50. Qd2 Bxb3 51. Ra1 Bd5 52. Kh2 Qd4 53. Qc2 Qf6 54.
Red1 Be6 55. Rab1 c4 56. Rbc1 d5 57. Qa2 Rc8 58. Qa3 Qe7 59. Qc3 Nxa4 60. Qxa5
Ra7 61. Qd2 Qg7 62. Ra1 c3 63. Qc2 Nb2 64. b6 Raa8 65. Rxa8 Rxa8 66. Rc1 Rb8
67. Qb3 Qf6 68. Qb4 d4 69. Qd6 Rd8 70. Qc7 Bd5 71. b7 Bxb7 72. Qxb7 Qd6 73. Ra1
c2 74. Qxb2 d3 75. Ra7 Qd4 76. Ra6+ Kh7 77. Qb7+ Rd7 78. Qb5 Qd5 79. Qb6 Qd6
80. Qb5 Qxa6 81. Qxa6 c1=Q 82. Qe6 Qc7 83. Qxf5+ Kh8 84. Qxh5+ Kg7 85. Qxg4+
Kf8 86. Qf5+ Rf7 87. Qxe4 Qa7 88. Kg2 Qb7 89. Bxd3 Qxe4+ 90. Bxe4 Kg7 91. f3
Rc7 92. g4 Rd7 93. Kg3 Rd1 94. f5 Rg1+ 95. Kf4 Kf6 96. g5+ Kf7 97. Bd5+ Kf8 98.
h5 Rd1 99. Be4 Rh1 100. h6 Rh4+ 101. Ke5 Kf7 102. Bd5+ Ke7 103. f6+ Kf8 104. g6
Rh5+ 105. Ke6 Kg8 106. f7+ Kf8 107. g7# 1-0

[Event "VI. Karnevals-Open"]
[Site "Solingen"]
[Date "2015.02.15"]
[Round "4.24"]
[White "Bießner, Eberhard"]
[Black "Winand, Michael"]
[Result "0-1"]
[WhiteElo "1895"]
[BlackElo "1675"]
[PlyCount "31"]
[EventDate "2015.??.??"]
[WhiteTeam "Rheydter SV"]
[BlackTeam "Aachener SV"]

1. e4 e5 2. Nf3 Nc6 3. Bc4 Nf6 4. Ng5 d5 5. exd5 b5 6. Bxb5 Qxd5 7. d3 Qxb5 8.
Nc3 Bb4 9. O-O Bxc3 10. bxc3 O-O 11. c4 Qa4 12. Qd2 Rb8 13. c3 Bf5 14. Qe2 h6
15. Nf3 e4 16. dxe4 0-1

[Event "VI. Karnevals-Open"]
[Site "Solingen"]
[Date "2015.02.15"]
[Round "4.25"]
[White "Kissing, Bastian"]
[Black "Ipekyilmaz, Tayfun"]
[Result "1/2-1/2"]
[WhiteElo "1851"]
[BlackElo "1597"]
[PlyCount "34"]
[EventDate "2015.??.??"]
[WhiteTeam "SC Tornado Wuppertal"]
[BlackTeam "Langenfelder SF"]

1. e4 e5 2. Nf3 Nc6 3. Bb5 f5 4. d4 fxe4 5. Nxe5 Nxe5 6. dxe5 c6 7. Bc4 Qa5+ 8.
Nc3 Qxe5 9. O-O d5 10. Re1 Bd6 11. g3 Nf6 12. Bf4 Qe7 13. Bxd6 Qxd6 14. Nxe4
Nxe4 15. Rxe4+ Kd7 16. Rf4 Kc7 17. Bf1 Be6 1/2-1/2

[Event "VI. Karnevals-Open"]
[Site "Solingen"]
[Date "2015.02.15"]
[Round "4.26"]
[White "Gula, Julian"]
[Black "Lukoviczki, Matyas"]
[Result "0-1"]
[WhiteElo "1632"]
[BlackElo "1846"]
[PlyCount "83"]
[EventDate "2015.??.??"]
[WhiteTeam "SF Düsseldorf-Süd"]
[BlackTeam "SG Kaarst"]

1. d4 Nf6 2. c4 e5 3. dxe5 Ng4 4. e3 Nxe5 5. Nh3 Bc5 6. Nc3 d6 7. Nf4 c6 8. Be2
Bf5 9. O-O Nbd7 10. Na4 Qe7 11. Nxc5 Nxc5 12. b4 Ne6 13. Nxe6 fxe6 14. Bb2 Ng6
15. g4 Nh4 16. gxf5 Qg5+ 17. Bg4 exf5 18. Kh1 Qxg4 19. Qxg4 fxg4 20. Bxg7 Rg8
21. Bf6 Nf3 22. Kg2 Rg6 23. Bc3 O-O-O 24. Rh1 Rf8 25. Kf1 Rf5 26. h3 g3 27.
fxg3 Rxg3 28. Kf2 Rg6 29. Ke2 d5 30. cxd5 cxd5 31. Rhf1 Rg2+ 32. Kd3 Rf7 33.
Rac1 Kd7 34. a4 Ke6 35. Rc2 Rxc2 36. Kxc2 Nd4+ 37. Bxd4 Rxf1 38. Bxa7 Rh1 39.
a5 Rxh3 40. b5 Kd7 41. a6 bxa6 42. b6 0-1

[Event "VI. Karnevals-Open"]
[Site "Solingen"]
[Date "2015.02.15"]
[Round "4.27"]
[White "Schulten, Sandro"]
[Black "Reinacher, Detlev"]
[Result "1-0"]
[WhiteElo "1493"]
[BlackElo "1772"]
[PlyCount "61"]
[EventDate "2015.??.??"]
[WhiteTeam "BW Concordia Viersen"]
[BlackTeam "SC Hansa Dortmund"]

1. d4 Nf6 2. c4 d6 3. Nc3 g6 4. e4 Bg7 5. f3 O-O 6. Be3 c6 7. Bd3 Qc7 8. Nge2
Nbd7 9. Qd2 Rd8 10. O-O e5 11. d5 c5 12. a3 Nf8 13. b4 b6 14. bxc5 dxc5 15. Nb5
Qd7 16. Rfb1 Ne8 17. a4 Nd6 18. Nec3 Nxb5 19. Nxb5 Ne6 20. a5 bxa5 21. Rxa5 a6
22. Nc3 Qc7 23. Na4 Bf8 24. dxe6 Rxd3 25. Qxd3 Qxa5 26. exf7+ Kg7 27. Qd5 Rb8
28. Qxe5+ Kxf7 29. Qxb8 Be6 30. Qb3 Be7 31. Nc3 1-0

[Event "VI. Karnevals-Open"]
[Site "Solingen"]
[Date "2015.02.15"]
[Round "4.28"]
[White "Rudolph, Eva"]
[Black "Runte, Dirk"]
[Result "0-1"]
[WhiteElo "1439"]
[BlackElo "1720"]
[PlyCount "82"]
[EventDate "2015.??.??"]
[WhiteTeam "Düsseldorfer SK"]
[BlackTeam "Fideler Bauer Leverkusen"]

1. e4 c5 2. Nf3 d6 3. d4 cxd4 4. Nxd4 Nf6 5. Nc3 g6 6. f4 Bg7 7. Be2 Qb6 8. Nb3
Bd7 9. Qd3 Ng4 10. Qg3 h5 11. Bxg4 Bxg4 12. Be3 Qa6 13. Qf2 Nc6 14. h3 Be6 15.
Qd2 Rc8 16. a3 Bxb3 17. cxb3 Na5 18. Qc2 Qb5 19. b4 Bxc3+ 20. bxc3 Nc4 21. Bf2
Nb6 22. a4 Qxb4 23. cxb4 Rxc2 24. a5 Nd7 25. Rb1 b6 26. axb6 axb6 27. Ra1 O-O
28. Ra7 Rd8 29. Rb7 Rc1+ 30. Ke2 Rxh1 31. Bxb6 Nxb6 32. Rxb6 Rb1 33. Rb7 Kf8
34. Kd3 Rc8 35. b5 Rc5 36. Rb8+ Kg7 37. b6 Rc6 38. Re8 Kf6 39. e5+ dxe5 40.
fxe5+ Ke6 41. Kd4 Rbxb6 0-1

[Event "VI. Karnevals-Open"]
[Site "Solingen"]
[Date "2015.02.15"]
[Round "4.30"]
[White "Pitz, Marko"]
[Black "Lehmkau, Steffen"]
[Result "0-1"]
[WhiteElo "1688"]
[BlackElo "1452"]
[PlyCount "56"]
[EventDate "2015.??.??"]
[WhiteTeam "Greifswalder SV"]
[BlackTeam "SV Mülheim-Nord"]

1. d4 Nf6 2. c4 e6 3. a3 d5 4. Nf3 dxc4 5. Nc3 c6 6. e4 b5 7. Be2 Be7 8. O-O
Bb7 9. Qc2 a6 10. e5 Nd5 11. Ne4 Nd7 12. Re1 h6 13. Nfd2 O-O 14. Nf1 Qc7 15. f4
c5 16. dxc5 Nxc5 17. Nfg3 Nb3 18. Bd2 Nxa1 19. Rxa1 Rac8 20. Rf1 Bc5+ 21. Nxc5
Qxc5+ 22. Kh1 Ne3 23. Bxe3 Qxe3 24. Qc1 Qxc1 25. Rxc1 Rfd8 26. Rc2 Rd4 27. Kg1
Rcd8 28. Nf1 Rxf4 0-1